00322nam a2200121Ia 4500008004100000041000800041082001400049100001700063245004500080260003200125300003200157365001100189240624s9999 xx 000 0 und d aeng a364.1 PHI aPHILLIPS TIM aKNOCK OFF THE DEADLY TRADE IN COUNTERFEI c2006aNew DelhibKogan Page aviii, : 246 : p. : cm. ; 23 cRSb27